Whitney Houston singles - Statistics

General Stats
  • This quiz has been taken 252 times
    251 since last reset
  • The average score is 20 of 50
Answer Stats
Year Album Answer % Correct
1992 The Bodyguard: Original Soundtrack I Will Always Love You
94%
1987 Whitney I Wanna Dance with Somebody (Who Loves Me)
93%
1990 I'm Your Baby Tonight I'm Your Baby Tonight
78%
1985 Whitney Houston How Will I Know
72%
1993 The Bodyguard: Original Soundtrack I Have Nothing
72%
1999 My Love Is Your Love My Love Is Your Love
72%
1985 Whitney Houston Saving All My Love for You
68%
1993 The Bodyguard: Original Soundtrack I'm Every Woman
65%
1986 Whitney Houston The Greatest Love of All
64%
1993 The Bodyguard: Original Soundtrack Run to You
61%
1998 The Prince of Egypt: Original Soundtrack When You Believe
61%
1999 My Love Is Your Love It's Not Right but It's Okay
60%
1988 1988 Summer Olympics Album One Moment in Time
60%
2009 I Look to You I Look to You
58%
1995 Waiting to Exhale: Original Soundtrack Exhale (Shoop Shoop)
57%
1993 The Bodyguard: Original Soundtrack Queen of the Night
57%
1988 Whitney So Emotional
55%
1990 I'm Your Baby Tonight All the Man That I Need
46%
2009 I Look to You Million Dollar Bill
46%
1987 Whitney Didn't We Almost Have It All
44%
1998 My Love Is Your Love Heartbreak Hotel
44%
1988 Whitney Where Do Broken Hearts Go
43%
1991 I'm Your Baby Tonight My Name Is Not Susan
42%
1985 Whitney Houston You Give Good Love
40%
1985 Whitney Houston All at Once
39%
1997 The Preacher's Wife: Original Soundtrack Step by Step
35%
2000 Whitney: The Greatest Hits Could I Have This Kiss Forever
32%
1996 The Preacher's Wife: Original Soundtrack I Believe in You and Me
31%
1999 My Love Is Your Love I Learned from the Best
29%
1991 I'm Your Baby Tonight Miracle
28%
1991 Whitney: The Greatest Hits The Star Spangled Banner
28%
1988 Whitney Love Will Save the Day
25%
1996 Waiting to Exhale: Original Soundtrack Count on Me
24%
2000 Whitney: The Greatest Hits If I Told You That
23%
2003 One Wish: The Holiday Album One Wish (For Christmas)
23%
1993 Bobby (Bobby Brown album) Something in Common
23%
2000 Whitney: The Greatest Hits Same Script, Different Cast
20%
1984 Whitney Houston Hold Me
19%
2000 Whitney: The Greatest Hits Fine
18%
1988 Whitney I Know Him So Well
16%
2002 Just Whitney Whatulookinat
14%
1996 Waiting to Exhale: Original Soundtrack Why Does It Hurt So Bad
14%
1991 I'm Your Baby Tonight I Belong to You
13%
2003 Just Whitney Try It on My Own
13%
1992 I'm Your Baby Tonight We Didn't Know
12%
2002 Just Whitney One of Those Days
11%
1989 Through the Storm (Aretha Franklin album) It Isn't, It Wasn't, It Ain't Never Gonna Be
10%
2003 Just Whitney Love That Man
8%
1997 The Preacher's Wife: Original Soundtrack My Heart Is Calling
8%
1985 Whitney Houston Thinking About You
8%
No matching quizzes found
Score Distribution
Percent of People with Each Score
Percentile by Number Answered
Your Score History
You have not taken this quiz since the last reset